01851 a2200205 45000010006000000050017000060080041000230030015000640400040000790800052001192450046001710200022002172500012002392640041002513000017002925051196003090410008015051000026015138560106015393465120260407155633.0260407a2014 arg spa dAR-UNSa-BCEJYS aAR-UNSa-BCEJYSbspacAR-UNSa-BCEJYS a336.2xIngresos públicos (Derecho tributario)10aAcciones y recursos en materia tributaria a978-950-20-2582-7 a4a. ed. 1aBuenos Aires :bAbeledo Perrotc2014 a2 v.c25 cm. aVol. I: 1. La potestad tributaria y el orden constitucional - 2. El control judicial de constitucionalidad en el proceso tributario - 3. El proceso tributario y el marco constitucional - 4. Igualdad de las partes de la relación tributaria y vicisitudes del principio - 5. La administración tributaria y la función de comprobación - 6. Determinación del tributo - 7. Recursos contra actos de la AFIP - 8. El Tribunal Fiscal de la Nación - 9. Juicio de ejecución fiscal - 10. Acción de amparo - 11. La acción declarativa - 12. Acción de repetición - 13. Procedimiento penal tributario - 14. Jurisdicción y competencia de la Corte Suprema - 15. Procedimiento ante la Comisión arbitral y Comisión Federal de Impuestos - 16. Acciones y recursos en jurisdicción provincial - 17. La privatización de la función pública en el estado desertor - 18. Juicio por jurados en materia tributaria -- Vol. II: La interpretación de las leyes tributarias a través de la doctrina de la Corte Suprema de Justicia de la Nación y demás tribunales inferiores. Ciudad Autónoma de Buenos Aires, provincias de Buenos Aires, Córdoba, Mendoza, Salta, Santa Fe y Tucumán  aspa1 aSpisso, Rodolfo Roque41uhttps://biblioeco.unsa.edu.ar/pmb/images/libros/accionesRecMatTrib.jpgyImagen de portadaqimage/jpeg